000 00774nam a2200241 a 4500
001 000023398
005 20200930022206.0
008 101206s1982 mx ab r 001 0 spa d
020 _a9682300096
020 _a9682302167
040 _aDO-SdBNP
_bspa
_cBNPHU
082 _axxxx
_bP238s
100 1 _aParker, R. A. C.
_948206
245 1 3 _aEl siglo XX :
_bEuropa, 1918-91945 /
_cR. A. C. Parker ; traducción Joaquín Maestre.
250 _a5a ed.
260 _aMéxico, D. F. :
_bSiglo veintiuno,
_c1982.
300 _avi, 440 p. :
_bil., mapas. ;
_c18 cm.
490 1 _aHistoria universal siglo XXI ;
_v34
500 _aIncluye índice alfabético.
700 1 _aMaestre, Joaquín,
_etr.
_948207
830 0 _aHistoria universal siglo XXI ;
_n34
_948208
049 _aBNGR
999 _c22895
_d22895